000 00978nam a2200217Ii 4500
003 JO-AjNU
008 230605s9999||||xx |||||||||||||| ||und||
020 _a978-1-56564-473-1
040 _aJO-AjNU
_bara
_erda
_cJO-AjNU
041 _aara
050 1 4 _aKKX148.2012
100 3 _aجانبولات، أورهان صادق,
_eauthor
_952383
245 0 0 _aقوانين الدولة العثمانية وصلتها بالمذهب الحنفي
250 _aط1
264 3 1 _aبيروت، المعهد العالمي للفكر الإسلامي، 2012
300 _a255ص
_bيشتمل على المصادر والمراجع ص( 235-248) ويشتمل على الكشاف ص(249-255)
336 _atext
_btxt
_2rdacontent
337 _aunmediated
_bn
_2rdamedia
338 _avolume
_bnc
_2rdacarrier
650 4 _aقوانين الدولة العثمانية -- تدوين القوانين -- التشريع الفقهي -- الاجتهاد الفقهي والتشريعي
_952384
999 _aA23201
_c26769
_d26769